000 00744cam a2200241 a 4500
001 1037939
005 20240416063424.0
008 890807s1989 ii b 001 0 eng
020 _a0803996241
020 _a080399625X (pbk.)
040 _aDLC
_cDLC
_dDLC
082 0 0 _a307.72
_220
_bPON.
100 1 _aWignaraja, Ponna.
245 1 0 _aWomen, poverty, and resources /
_cPonna Wignaraja.
260 _aNew Delhi ;
_bSage Publications,
_c1990.
300 _a241 p. ;
650 0 _aWomen in rural development
650 0 _aPoor women
650 0 _aRural development projects
856 4 2 _uhttp://www.loc.gov/catdir/enhancements/fy0657/89039055-d.html
856 4 1 _uhttp://www.loc.gov/catdir/enhancements/fy0657/89039055-t.html
942 _cL
999 _c386
_d386